| 000 | 00999nac a22002897a 4500 | ||
|---|---|---|---|
| 001 | BR7600858 | ||
| 003 | BR-BrBNA | ||
| 005 | 20240105113914.0 | ||
| 008 | 230509b bl.|||m| |||| 00| 0 por d | ||
| 040 |
_aBR-BrBNA _bpor _cBiblioteca Nacional de Agricultura |
||
| 072 | _aF00 | ||
| 090 | _a0230 BR7600858 | ||
| 100 | 1 | _aSousa, J.A.G.C. | |
| 110 | 1 | _aPrograma Nacional de Melhoramento da Cana-de-Acucar, Araras, SP (Brasil). Coordenadoria Regional Sul | |
| 245 | 1 | _aRecomendacoes para a cultura da cana-de-acucar no Estado de Sao Paulo [Brasil] | |
| 260 | 3 |
_aAraras, SP (Brasil): _cFeb 1976. |
|
| 300 | _a24 p. | ||
| 490 |
_aBoletim Tecnico - Programa Nacional de Melhoramento da Cana-de-Acucar. Coordenadoria Regional Sul (Brazil) _vno. 1 _x |
||
| 500 | _a30 ref.; Summary (En) | ||
| 650 | _aCANA DE ACUCAR | ||
| 650 | _aVIVEIRO | ||
| 650 | _aCANA PLANTA | ||
| 650 | _aCANA SOCA | ||
| 650 | _aSAO PAULO | ||
| 909 |
_a202312 _bLúcia Elande _c55 _dLúcia Elande |
||
| 942 |
_2AGRIS _n0 _cMS |
||
| 999 |
_c266269 _d266269 |
||